=LDR 00000nam 2200000 4500 =001 INLIS000000000055316 =990 ##$$a 3202002381 =990 ##$$a 3202002382 =005 20200326095856 =990 ##$$a 3201002381 =990 ##$$a 3202002381 =035 ##$$a 0010-0320000423 =007 ta =008 200326###########################0#ind## =020 ##$$a 978-602-407-100-4 =082 ##$$a 153.8 =084 ##$$a 153.8 Aug s =245 1#$$a Strategi membentuk Mental Entrepreneur pada anak : $b Mempersiapkan wirausahawan sukses sejak dini /$c August N.Chatton =250 ##$$a Cet 1 =300 ##$$a 200 hlaman ; $c 21 Cm. =650 #4$$a Motivasi ( Psikologi ) - Anak sukses - Kewirasuhaan =700 #$$a Editor ; Arieda Maya =504 ##$$a Bibliografi : halaman 197 - 198 =264 ##$$a Yogyakarta :$b Laksana,$c 2017 =336 ##$$a teks$2 rdacontent =337 ##$$a lain-lain$2 rdamedia =338 ##$$a lain-lain$2 rdacarrier =990 ##$$a 23812381 =990 ##$$a 23812381 =990 ##$$a 320002382 =990 ##$$a 1202002381 =990 ##$$a 320002381 =990 ##$$a 320002382 =990 ##$$a 3201002382 =990 ##$$a 320002381 =990 ##$$a 3201002381 =990 ##$$a 3201002382